Mapas geológicos: explicación e interpretación
Tallennettuna:
| Päätekijä: | |
|---|---|
| Aineistotyyppi: | Kirja |
| Kieli: | espanja |
| Julkaistu: |
Madrid
Paraninfo
1985
|
| Painos: | 3a. ed |
| Aiheet: | |
| Tagit: |
Lisää tagi
Ei tageja, Lisää ensimmäinen tagi!
|
MARC
| LEADER | 00000nam a2200000 a 4500 | ||
|---|---|---|---|
| 001 | UCN9617 | ||
| 003 | CL-VaPUC | ||
| 008 | 011221e19850000SP |||||||||||||||||spa|d | ||
| 082 | 0 | 4 | |a 912.014 |b MAR |2 21 |
| 100 | |a Martínez-Álvarez, José Antonio, |c geólogo |e autor |9 466175 | ||
| 245 | 1 | 0 | |a Mapas geológicos: explicación e interpretación |
| 250 | |a 3a. ed | ||
| 300 | |a 280 p | ||
| 942 | |c BK | ||
| 945 | |d 20011221 00:00:00 |a vberengu | ||
| 260 | |a Madrid |b Paraninfo |c 1985 | ||
| 500 | |a ALGUNOS EJEMPLARES EN INST.DE GEOGRAFIA POR PROY.MINEDUC | ||
| 650 | 7 | |a MAPAS GEOLOGICOS |2 CL-VaPUC |9 362393 | |
| 650 | 0 | |a Mapas |9 260844 | |
| 650 | 7 | |a EXPLORACION GEOLOGICA |2 CL-VaPUC |9 362394 | |
| 650 | 0 | |a Geología |9 260984 | |
| 583 | |a last modification |c 20011221 00:00:00 |k Rodrigo Vera | ||
| 999 | |c 298917 |d 298915 | ||
| 952 | |0 0 |1 0 |4 0 |6 912_014000000000000_MAR_1985 |7 0 |8 A |9 354925 |a BIBING |b BIBING |d 2019-11-21 |i 3781526 |o 912.014 MAR 1985 |p 3781526 |r 2025-01-20 |w 2019-11-21 |y BK |k GEO | ||